| 000 | 00619nam a2200181 a 4500 | ||
|---|---|---|---|
| 001 | 000021977 | ||
| 005 | 20240308073621.0 | ||
| 008 | 100915s1909 dr 000 0 spa d | ||
| 040 |
_aDO-SdBNP _bspa _cBNPHU |
||
| 082 |
_a972.93 _bC422u |
||
| 100 | 1 |
_aCestero, Tulio M., _q(Tulio Manuel), _d1877-1955 _91698 |
|
| 245 | 1 | 3 |
_aUn documento notable / _cManuel F. Cestero. |
| 260 |
_aSanto Domingo : _bImpr. La Cuna de América, _c1909. |
||
| 300 |
_a24 p. ; _c25 cm. |
||
| 651 | 4 |
_aRepública Dominicana _xHistoria _y1809-1822 _xEnsayos, Conferencias, Etc. _945563 |
|
| 910 | _aValidado. Control de calidad EMS. | ||
| 049 | _aBNPD | ||
| 999 |
_c21475 _d21475 |
||